"TEXTBOOK OF PHARMALOGONSY (AS PER EDUCATION 1991)" (Record no. 6197)

MARC details
000 -LEADER
fixed length control field 00483nam a22001817a 4500
005 - DATE AND TIME OF LATEST TRANSACTION
control field 20210826124559.0
008 - FIXED-LENGTH DATA ELEMENTS--GENERAL INFORMATION
fixed length control field 200517b xxu||||| |||| 00| 0 eng d
020 ## - INTERNATIONAL STANDARD BOOK NUMBER
ISBN 9788123906928
041 ## - LANGUAGE CODE
Language code of text/sound track or separate title eng
082 ## - DEWEY DECIMAL CLASSIFICATION NUMBER
Classification number 615.3 SIN
100 ## - MAIN ENTRY--AUTHOR NAME
Personal name SINGH ,G.K
245 ## - TITLE STATEMENT
Title "TEXTBOOK OF PHARMALOGONSY (AS PER EDUCATION 1991)"
Remainder of title G.K SINGH
250 ## - EDITION STATEMENT
Edition statement 1'st
260 ## - PUBLICATION, DISTRIBUTION, ETC. (IMPRINT)
Place of publication New Delhi
Name of publisher CBS Publishers and Distributors
Year of publication 2018
300 ## - PHYSICAL DESCRIPTION
Number of Pages 230, x
650 ## - SUBJECT ADDED ENTRY--TOPICAL TERM
Topical Term Pharmacy
942 ## - ADDED ENTRY ELEMENTS (KOHA)
Koha item type Books
Holdings
Lost status Damaged status Collection code Home library Current library Shelving location Date acquired Source of acquisition Cost, normal purchase price Full call number Accession Number Koha item type
    PHARMACY JRU Library JRU Library SHELF-17-C 17/05/2020 PURCHASE 325.00 615.3 SIN 23889 Books